Identificaciòn de perfiles ambientales en la Pyme a travès de auditorìa ambiental (Record no. 165596)

MARC details
000 -CABECERA
campo de control de longitud fija 00678nab a2200229 a 4500
005 - FECHA Y HORA DE LA ÚLTIMA TRANSACCIÓN
campo de control 20210219161855.0
008 - ELEMENTOS DE LONGITUD FIJA--INFORMACIÓN GENERAL
campo de control de longitud fija 991125s1985 mx 000 0 spa u
035 ## - NÚMERO DE CONTROL DEL SISTEMA
Número de control de sistema UPN01000193495
100 1# - ASIENTO PRINCIPAL--NOMBRE PERSONAL
Nombre de persona Denegri de Dios, Fabiola Maribel
100 1# - ASIENTO PRINCIPAL--NOMBRE PERSONAL
Filiación fdnegri@uabc.edu.mc
222 ## - TÍTULO CLAVE
Título clave CONTADURIA Y ADMINISTRACION
245 ## - MENCIÓN DE TÍTULO
Título Identificaciòn de perfiles ambientales en la Pyme a travès de auditorìa ambiental
260 ## - PUBLICACIÓN, DISTRIBUCIÓN, ETC.
Lugar de publicación, distribución, etc. Mèxico
300 ## - DESCRIPCIÓN FÍSICA
Extensión 195-215
362 0# - FECHAS DE PUBLICACIÓN Y/O DESIGNACIÓN SECUENCIAL
Fecha de publicación y/o designación secuencial 2011 No. 235, sept.-dic.
653 0# - TERMINO DE INDIZACION - NO CONTROLADO
Término no controlado PEQUEÑA EMPRESA
653 0# - TERMINO DE INDIZACION - NO CONTROLADO
Término no controlado MEDIO AMBIENTE
653 0# - TERMINO DE INDIZACION - NO CONTROLADO
Término no controlado CONTROL DE CONTAMINACION
653 0# - TERMINO DE INDIZACION - NO CONTROLADO
Término no controlado AUDITORIA AMBIENTAL
653 0# - TERMINO DE INDIZACION - NO CONTROLADO
Término no controlado MEXICO
905 ## - TIPO DE MATERIAL
Tipo de material Articulo

No items available.